000 00589nam a2200217Ia 4500
001 70875
008 160226s9999 xx 000 0 und d
020 _a9781259095597
040 _cPK-LaUMT
082 _a 657.046
_bHOY-F
100 _aHoyle, Joe B.
245 _aFundamentals of advanced accounting
_cHoyle, Joe B.|Schaefer, Thomas F.|Doupnik, Timothy S.
250 _a6th
260 _aNew York,USA:
_bMcGraw-Hill,
_c2013
300 _a623 p.
546 _aEN
650 _aAdvanced accounting
700 _aDoupnik, Timothy S.
700 _aSchaefer, Thomas F.
942 _cBK
999 _c83315
_d83315